Предвестие зари : (Record no. 216958)
[ view plain ]
| 000 -LEADER | |
|---|---|
| fixed length control field | 00771nam a2200217 u 4500 |
| 001 - CONTROL NUMBER | |
| control field | 000558697 |
| 003 - CONTROL NUMBER IDENTIFIER | |
| control field | AM-YeHGA |
| 005 - DATE AND TIME OF LATEST TRANSACTION | |
| control field | 20250618073212.0 |
| 008 - FIXED-LENGTH DATA ELEMENTS--GENERAL INFORMATION | |
| fixed length control field | 071123s1983 ||||||||||||||||||||rus c |
| 040 ## - CATALOGING SOURCE | |
| Original cataloging agency | AM-YeHGA |
| 041 1# - LANGUAGE CODE | |
| Language code of text/sound track or separate title | rus |
| Language code of original | arm |
| 090 ## - LOCALLY ASSIGNED LC-TYPE CALL NUMBER (OCLC); LOCAL CALL NUMBER (RLIN) | |
| -- | 218483 |
| 100 1# - MAIN ENTRY--PERSONAL NAME | |
| Personal name | Այվազյան, Սուրեն Բախշիի, |
| Dates associated with a name | 1915-1981 |
| 9 (RLIN) | 88 |
| 245 10 - TITLE STATEMENT | |
| Title | Предвестие зари : |
| Remainder of title | Роман / |
| Statement of responsibility, etc. | С. Айвазян ; Пер. с арм. В. Долуханяна ; Худож. И. Бабаянц. |
| 260 ## - PUBLICATION, DISTRIBUTION, ETC. | |
| Place of publication, distribution, etc. | Москва : |
| Name of publisher, distributor, etc. | Сов. писатель, |
| Date of publication, distribution, etc. | 1983. |
| 300 ## - PHYSICAL DESCRIPTION | |
| Extent | 456 с. |
| 650 14 - SUBJECT ADDED ENTRY--TOPICAL TERM | |
| Topical term or geographic name entry element | Армянская литература |
| 700 1# - ADDED ENTRY--PERSONAL NAME | |
| Personal name | Долуханян, В. |
| Relator term | пер. |
| Relationship | trl |
| 700 1# - ADDED ENTRY--PERSONAL NAME | |
| Personal name | Бабаянц, Игорь |
| Relator term | худож. |
| Relationship | art |
| 942 00 - ADDED ENTRY ELEMENTS (KOHA) | |
| Koha issues (borrowed), all copies | 1 |
| Withdrawn status | Lost status | Damaged status | Not for loan | Collection | Home library | Current library | Date acquired | Total checkouts | Full call number | Barcode | Date last seen | Date last checked out | Price effective from | Koha item type | Public note |
|---|---|---|---|---|---|---|---|---|---|---|---|---|---|---|---|
| General | Fundamental Scientific Library | Fundamental Scientific Library | 28/12/2016 | 1 | PII/505360 | FL0223010 | 30/04/2025 | 30/04/2025 | 28/12/2016 | Գրքեր / Books | 30 Days Loan |
ՀՀ Գիտությունների ազգային ակադեմիայի հիմնարար գիտական գրադարան = Fundamental Scientific Library of NAS RA
All site content, except where otherwise noted, is licensed under a